History of psychology : (Record no. 1727)
[ view plain ]
| 000 -LEADER | |
|---|---|
| fixed length control field | 00844cam a22002772 4500 |
| 001 - CONTROL NUMBER | |
| control field | 1727 |
| 003 - CONTROL NUMBER IDENTIFIER | |
| rucl marc code | BD-RjUL |
| 005 - DATE AND TIME OF LATEST TRANSACTION | |
| control field | 20211208233410.0 |
| 008 - FIXED-LENGTH DATA ELEMENTS--GENERAL INFORMATION | |
| fixed length control field | 131208s1954 nyua b 001 0 eng |
| 020 ## - INTERNATIONAL STANDARD BOOK NUMBER | |
| International Standard Book Number | 080890325X |
| 035 ## - SYSTEM CONTROL NUMBER | |
| System control number | (BD-RjUL)1754 |
| 040 ## - CATALOGING SOURCE | |
| Original cataloging agency | DLC |
| Transcribing agency | DLC |
| Modifying agency | MQM |
| -- | OCL |
| -- | EQO |
| -- | EQO |
| -- | BD-RjUL |
| Language of cataloging | eng |
| 041 ## - LANGUAGE CODE | |
| Language code of text/sound track or separate title | eng |
| 082 ## - DEWEY DECIMAL CLASSIFICATION NUMBER | |
| Classification number | 150.9 |
| Author mark and year | MIH 1954 |
| 100 1# - MAIN ENTRY--PERSONAL NAME | |
| Personal name | Esau, Henryk, |
| Dates associated with a name | 1911-1992. |
| 9 (RLIN) | 5719 |
| 245 10 - TITLE STATEMENT | |
| Title | History of psychology : |
| Remainder of title | an overview / |
| Statement of responsibility, etc. | by Henryk Misiak and Virginia Staudt Sexton. |
| 260 ## - PUBLICATION, DISTRIBUTION, ETC. (IMPRINT) | |
| Place of publication, distribution, etc. | New York : |
| Name of publisher, distributor, etc. | Grune & Stratton, |
| Date of publication, distribution, etc. | c1954 |
| 300 ## - PHYSICAL DESCRIPTION | |
| Pagination | x, 523 p. : |
| Illustrations | illus. , |
| Size | 26 cm. |
| 504 ## - BIBLIOGRAPHY, ETC. NOTE | |
| Bibliography, etc | Includes bibliographies. |
| Bibliography, etc | Includes index. |
| 650 #0 - SUBJECT ADDED ENTRY--TOPICAL TERM | |
| Topical term or geographic name as entry element | Psychology |
| General subdivision | History. |
| 9 (RLIN) | 5500 |
| Topical term or geographic name as entry element | Psychology |
| General subdivision | history |
| 9 (RLIN) | 5500 |
| 700 1# - ADDED ENTRY--PERSONAL NAME | |
| Personal name | Sexton, Virginia Staudt. |
| 942 ## - ADDED ENTRY ELEMENTS (KOHA) | |
| Source of classification or shelving scheme | Dewey Decimal Classification |
| Koha item type | Books |
| Lost status | Source of classification or shelving scheme | Damaged status | Not for loan | Collection code | Permanent Location | Current Location | Shelving location | Date acquired | Source of acquisition | Cost, normal purchase price | Total Checkouts | Full call number | Date last seen | Date checked out | Copy number | Koha item type | Total Renewals |
|---|---|---|---|---|---|---|---|---|---|---|---|---|---|---|---|---|---|
| Dewey Decimal Classification | Non-fiction | Central Library, University of Rajshahi | Central Library, University of Rajshahi | 24/12/1980 | Heffers | 10.05 | 2 | 150.9 MIH 1966 | 24/09/2019 | 02/09/2019 | C-7 | Books | |||||
| Dewey Decimal Classification | Non-fiction | Central Library, University of Rajshahi | Central Library, University of Rajshahi | 22/01/1970 | Zetlinger | 2 | 150.9 MIH 1966 | 16/05/2018 | 17/04/2018 | C-2 | Books | 1 | |||||
| Dewey Decimal Classification | Non-fiction | Central Library, University of Rajshahi | Central Library, University of Rajshahi | 24/12/1980 | Heffers | 10.05 | 4 | 150.9 MIH 1966 | 20/11/2019 | 04/11/2019 | C-8 | Books | 1 | ||||
| Dewey Decimal Classification | Non-fiction | Central Library, University of Rajshahi | Central Library, University of Rajshahi | 24/12/1980 | Helfer | 10.05 | 2 | 150.9 MIH 1966 | 18/11/2019 | 30/09/2019 | C-3 | Books |